Statistics for Cold War Trivia #2

Click here to take the quiz!

General Stats

  • This quiz has been taken 15,547 times
  • The average score is 13 of 20

Answer Stats

Hint Answer % Correct
Emblems on the Soviet flagHammer
89%
Ill-fated U.S. sponsored
invasion of Cuba
Bay of {Pigs}
88%
Country invaded by the USSR in 1979Afghanistan
83%
First man-made satellite to orbit EarthSputnik
81%
Final Soviet leaderMikhail Gorbachev
81%
Political party that ruled the USSRCommunist
80%
Emblems on the Soviet flagSickle
80%
What ICBM stands for{Intercontinental}
Ballistic Missile
79%
Russian equivalent of astronautCosmonaut
76%
What the U.S. boycotted in 1980Olympics
71%
Soviet leader, 1953-64Nikita Khrushchev
65%
What Reagan called the USSR{Evil} Empire
63%
Country that revolted
against the USSR in 1956
Hungary
58%
Senator who led a "witch hunt" for
American communists
Joseph McCarthy
57%
Soviet leader, 1964-82Leonid Brezhnev
47%
Soviet boxer in Rocky IVIvan Drago
37%
Stanley Kubrick movie
that satirizes nuclear war
Dr. Strangelove
36%
Polish political movement
led by Lech Wałęsa
Solidarity
34%
Central decision-making body
of the Soviet Union
Politburo
31%
Name for the "thawing" of tensions
in the early 70s
Détente
28%

Score Distribution

Percentile by Number Answered

Percent of People with Each Score

Your Score History

You have not taken this quiz